000 01803nam a2200337 4500
003 BO-EaUP
005 20250804114059.0
008 250804b |||||||| |||| 00| 0 eng d
040 _aBO-EaUP
_bspa
_cBiblioteca Arquitectura
_eRDA
041 _aspa
_hspa
082 _221
_a720
092 _a720
_SD658d
100 _cDokulil Heidi
_eAutor
_96014
245 _aAUSTRALIA, ARCHITECTURE Y DISEÑO
_cHeidi Dukulil
250 _aPrimera edición
260 _aCologne London New York
_bMarreiros
_c2007
300 _a237 paginas;
_bTapa dura;
_c33 x 26 centímetros;
505 _a1.- Ashton Raggat McDougall, Marion Cultural Centre
505 _a2.- Bkk Architects, Warp House,
505 _a3.- Tony Caro Architecture, Broughton Anglican College
505 _a4.- Carr Desing Group, Hilton Hotel Adelaide
505 _a5.- Cassandra Complex, Chameleon
520 _aAshton Raggat McDougall, Marion Cultural Centre. El centro cultural Marrion construido como un símbolo de la ciudad, transmit un ambiente local unico, realzado por la inscripción "Marrion" en su fachada. diseñado para convertirse en u referente cívico en el paisaje urbano, posee un sentido de pertenencia único, que se refleja aún más en su nombre.
520 _aSe dedica a la arquitectura Australiana, y abarca mas de 50 edificios, entre casas particulares y edificios público, que llevan al diseño moderno australiano, a su dinamismo. basada en su topografía y entorno, desarrolla un papel importante con respecto a su arquitectura
521 _aEstá dirigido principalmente a estudiantes y Profesionales del area de ciencias y artes del habitad
600 _2ARQUITECTURA
650 _2TEORIA I, II
653 _aARQUITECTURA Y DISEÑO
653 _aPROYECTOS REFERENCIALES
942 _2ddc
_n0
_cBK
_e21
999 _c5304
_d5304